| 000 | 01214naa a22003257a 4500 | ||
|---|---|---|---|
| 001 | BR9101898 | ||
| 003 | BR-BrBNA | ||
| 005 | 20250721155405.0 | ||
| 007 | ta | ||
| 008 | 250630b bl.|||m| |||| 00| 0 por d | ||
| 040 |
_aBR-BrBNA _bpor _cBiblioteca Nacional de Agricultura |
||
| 041 | _a(Pt) | ||
| 072 |
_aP33; P35 _b/G514 |
||
| 090 | _aP33 BR9101898 | ||
| 100 | 1 | _aMelo, F. de B. | |
| 100 | 1 | _aBezerra, J.R.C. | |
| 111 | 1 |
_a5. Seminario de Pesquisa Agropecuaria do Piaui _cTeresina, PI (Brazil) _d19-21 Oct 1988 |
|
| 245 | 1 | _aEfeitos do sistema de cultivo nas propriedades fisico-hidricas do solo | |
| 500 | _aAnais do 5. Seminario de Pesquisa Agropecuaria do Piaui Teresina, PI (Brasil): 1988. p. 66-69 [7 ref.; Summary (Pt)] (BR9101898-AMS) | ||
| 773 | 0 |
_tAnais do 5. Seminario de Pesquisa Agropecuaria do Piaui _wP33 BR9101898 _gTeresina, PI (Brasil), 1988. p. 66-69 |
|
| 650 | _aSOLO | ||
| 650 | _aPROPRIEDADE FISICO-QUIMICA | ||
| 650 | _aAGUA | ||
| 650 | _aINFILTRACAO | ||
| 650 | _aPOROSIDADE | ||
| 650 | _aPIAUI | ||
| 490 |
_aDocumentos - Unidade de Execucao de Pesquisa de Ambito Estadual de Teresina (Brazil) _vNo. 9 |
||
| 942 |
_cAMS _2AGRIS |
||
| 909 |
_a202506 _bLúcia _c55 _dLúcia Elande |
||
| 999 |
_c336238 _d336238 |
||